| 000 | 01435cam a2200397Ia 4500 | ||
|---|---|---|---|
| 001 | 89053 | ||
| 005 | 20230410132612.0 | ||
| 008 | 960828s1993 sp 000 0 spa d | ||
| 035 | _a(OCoLC)ocm35315085 | ||
| 040 |
_aMPC _cMPC _dPL# _dSAP _dBAKER _dYDXCP _dOCLCG |
||
| 020 | _a8476406568 (pbk.) | ||
| 020 | _a9788476406564 (pbk.) | ||
| 035 | _a(OCoLC)35315085 | ||
| 041 | 1 |
_aspa _heng |
|
| 050 | 1 | 4 |
_aPR 5819 _bW672i 2005 |
| 049 | _aGRAL | ||
| 100 | 1 |
_aWilde, Oscar, _d1854-1900. |
|
| 245 | 1 | 3 |
_aLa importancia de llamarse Ernesto ; El abanico de Lady Windermere / _cOscar Wilde; Prólogo de Alfonso Sastre. |
| 246 | 3 | 0 | _aAbanico de Lady Windermere |
| 260 |
_aMadrid : _bEdaf, _c2005 |
||
| 300 |
_a222 p. ; _c18 cm. |
||
| 490 | 0 |
_aBiblioteca Edaf ; _v198 |
|
| 500 | _aTítulos originales: The importance of Being Earnest ; Lady Windermere's Fan. | ||
| 650 | _aColección Biblioteca Edaf. | ||
| 650 | 7 |
_aTeatro ingles _vTraducciones al español. _2bidex |
|
| 653 |
_aLiteratura inglesa _aNovela _aSiglo XIX. |
||
| 653 |
_aNovela inglesa _aSiglo XIX. |
||
| 700 | 1 |
_aSastre, Alfonso, _d1926- |
|
| 730 | 0 | 2 |
_aImportance of being Earnest. _lSpanish. |
| 730 | 0 | 2 |
_aLady Windermere's fan. _lSpanish. |
| 938 |
_aPuvill Libros _bPUVL _n8476406568 _c$3.94 |
||
| 938 |
_aYBP Library Services _bYANK _n2665414 |
||
| 938 |
_aBaker & Taylor _bBKTY _c6.99 _d5.24 _i8476406568 _n0003683621 _sactive |
||
| 942 |
_2lcc _cbk |
||
| 994 |
_aC0 _bDRFGD |
||
| 999 |
_c84460 _d84460 |
||